00749nam a22001097a 4500040000800000082002800008100004200036245049900078260001900577300002400596856001900620 cRUA aVEM KHO 2015 B525 Or.1 aKHOUN RACHANA; ឃួន រចនា aEffect of broken mung bean utilization in feed ingredient on quail growth at animal experimental at station of royal university of agriculture, ឥទ្ធិពលនៃការប្រើប្រាស់ចុងសណ្ដែកបាយ(៣)ជាចំណីផ្សំលើការលូតលាស់របស់ក្រូចនៅស្ថានីយ៍ចិញ្ចឹមសត្វនៃសាកលវិទ្យាល័យភូមិន្ទកសិកម្ម aRUAbKHOc2015 ax,42p.bill.c29cm. u KHOUN RACHANA